|
|
|
|
| LEADER |
00000cam a2200000 a 4500 |
| 001 |
vtls008366450 |
| 003 |
SK-MaSNL |
| 005 |
20260302074559.0 |
| 008 |
230403s1948 xo g 100 0 slo |
| 015 |
|
|
|a SNBA19451955-001321
|
| 035 |
|
|
|a SK01SNKBKSFS20010058667
|
| 035 |
|
|
|a urn:nbn:sk:snk-am3hebp
|
| 035 |
|
|
|a 08E179B8-A25F-4F99-96D6-2D6384ADA351
|
| 035 |
|
|
|a urn:nbn:sk:snk-am00cskq
|
| 035 |
|
|
|a SKM000061130
|
| 040 |
|
|
|a SNK
|b slo
|c SNK
|e AACR2
|
| 041 |
0 |
|
|a slo
|
| 044 |
|
|
|a xo
|c SK
|
| 080 |
|
|
|a 329(437.6)
|2 1981
|
| 245 |
0 |
0 |
|a I. celoslovenská konferencia žien KSS v Žiline dňa 3. a 4. apríla 1948
|b dokumentárny materiál
|
| 246 |
3 |
|
|a 1. celoslovenská konferencia žien KSS v Žiline dňa 3. a 4. apríla 1948
|
| 246 |
3 |
|
|a Prvá celoslovenská konferencia žien KSS v Žiline dňa 3. a 4. apríla 1948
|
| 260 |
|
|
|a [Bratislava]
|b Ústredná komisia žien pri ÚV KSS
|c 1948
|e Bratislava
|f Pravda
|
| 300 |
|
|
|a 68, [2] s.
|b fotogr.
|c 8°
|
| 366 |
|
|
|e 2000 výtl.
|
| 610 |
2 |
7 |
|a Komunistická strana Slovenska
|2 SNKKA
|9 30182
|
| 650 |
0 |
7 |
|a ženy
|2 SNKPH
|9 4865
|
| 655 |
|
7 |
|a zborníky konferencií
|2 SNKPH
|9 70153
|
| 700 |
1 |
2 |
|a Hroboňová-Řepková, Oľga,
|d 1902-1973
|t Zábery z I. celoslovenskej konferencie komunistiek v Žiline
|9 740406
|
| 700 |
1 |
|
|a Bašťovanský, Štefan,
|d 1910-1952
|4 ctb
|9 48942
|
| 700 |
1 |
2 |
|a Tvarožková, Mária,
|d 1926-
|t Naša práca medzi ženami
|9 740407
|
| 700 |
1 |
2 |
|a Frišová-Moyzesová, Irena
|t Vzťah komunistov k rodine a k výchove detí
|9 740408
|
| 700 |
1 |
|
|a Bachratá, Helena,
|d 1904-1972
|4 ctb
|9 48656
|
| 700 |
1 |
|
|a Záturecká, Adela,
|d 1909-1979
|4 ctb
|9 198996
|
| 700 |
1 |
|
|a Púllová, Elena
|4 ctb
|9 740409
|
| 700 |
1 |
2 |
|a Janečková, Emília
|t O práci žien v závodoch a úradoch
|9 740410
|
| 700 |
1 |
|
|a Svoreňová, Blanka
|4 ctb
|9 740411
|
| 852 |
|
|
|a Slovenská národná knižnica
|
| 954 |
|
|
|a odborná, vedecká literatúra pôvodná (slovenská)
|2 lita
|
| 958 |
|
|
|a OND
|
| 958 |
|
|
|a RK
|
| 958 |
|
|
|a TL
|
| 958 |
|
|
|a EUIPO
|
| 999 |
|
|
|c 1165589
|d 1167519
|
| 952 |
|
|
|a SNK
|b SNK
|y VYP
|7 0
|p 17A0603087
|o snkSD 6239 D1
|i snkKSF 135/57
|8 5
|0 0
|1 0
|4 0
|d 2008-10-22
|l 0
|r 2026-02-24 20:47:35
|w 2026-02-24
|
| 952 |
|
|
|a SNK
|b SNK
|y PREZ
|7 0
|p 17A0910180
|o snkSD 6239
|i snk4666/49
|0 0
|1 0
|4 0
|d 2019-01-09
|f 1
|l 0
|r 2025-11-14 00:00:00
|w 2026-02-24
|